| 000 | 00358nam a2200145Ia 4500 | ||
|---|---|---|---|
| 008 | 150201s1976 xx 000 0 und d | ||
| 082 |
_a611.313 _bC1976S |
||
| 100 | _aSPERBER,G.H. | ||
| 245 | _aCRANIOFACIAL EMBRYOLOGY-15 | ||
| 250 | _a1ST | ||
| 260 |
_bWRIGHT PUBLICATION _aOXFORD _c1976 |
||
| 300 | _a1-163 | ||
| 650 | _aHUMAN EMBRYOLOGY | ||
| 942 |
_2ddc _cBK |
||
| 999 |
_c3175 _d3175 |
||